Sports Quiz

Random Sports or Baseball Quiz

MLB Interleague Team Rivals Quiz Stats

 Plays Quiz not verified by Sporcle

Challenge
Share
Tweet
Embed
Score 0/38 Timer 10:00
0 Plays Today
G Teams % Correct
72Yankees* (AL) 42, Mets* (NL) 30
98.2%
72White Sox* (AL) 37, Cubs* (NL) 35
92.2%
74Angels* (AL) 41, Dodgers* (NL) 33
88.2%
67Marlins* (NL) 36, (Devil) Rays* (AL) 31
82.9%
54Rangers* (AL) 28, Astros* (NL) 26
82.6%
74Athletics* (AL) 39, Giants* (NL) 35
82.2%
57Cardinals* (NL) 33, Royals* (AL) 24
78.2%
63Indians* (AL) 32, Reds* (NL) 31
74.8%
39Expos/Nationals (NL) 21, Orioles (AL) 18
69.1%
58Twins* (AL) 34, Brewers* (NL) 24
66.4%
37Red Sox (AL) 22, Phillies (NL) 15
65.2%
51Braves* (NL) 27, Red Sox* (AL) 24
65%
58Blue Jays* (AL) 33, Expos/Nationals* (NL) 25
56.1%
68Mariners* (AL) 37, Padres* (NL) 31
53.4%
22Yankees (AL) 12, Braves (NL) 10
49.8%
22Angels (AL) 11, Padres (NL) 11
49.2%
22Giants (NL) 13, Angels (AL) 9
47.7%
25Mariners (AL) 13, Rockies* (NL) 12
47.6%
22Athletics (AL) 13, Dodgers (NL) 9
46.9%
G Teams % Correct
45Orioles* (AL) 24, Phillies* (NL) 21
46.6%
22Athletics (AL) 14, Padres (NL) 8
42.8%
22Mariners (AL) 12, Giants (NL) 10
40.3%
24Pirates* (NL) 13, Indians (AL) 11
38.8%
22Rangers (AL) 15, Diamondbacks* (NL) 7
38.5%
22Mariners (AL) 12, Dodgers (NL) 10
38.3%
26Tigers* (AL) 17, Cardinals (NL) 9
36.4%
30Braves (NL) 17, Orioles (AL) 13
33.7%
30Blue Jays (AL) 16, Phillies (NL) 14
32.1%
22Angels (AL) 15, Rockies (NL) 7
31.3%
22Mets (NL) 13, Orioles (AL) 9
29.6%
22Rockies (NL) 12, Athletics (AL) 10
29.4%
24Blue Jays (AL) 14, Braves (NL) 10
29.2%
22Padres (NL) 12, Rangers (AL) 10
25.4%
22Giants (NL) 15, Rangers (AL) 7
24.7%
24Red Sox (AL) 15, Marlins (NL) 9
24.6%
24Astros (NL) 15, Royals (AL) 9
20.7%
23Royals (AL) 13, Pirates (NL) 10
20%
23White Sox (AL) 14, Pirates (NL) 9
18.7%

You're not logged in!

Compare scores with friends on all Sporcle quizzes.
Join for Free
OR
Log In

You Might Also Like...

Show Comments

Extras

Top Quizzes Today


Score Distribution

Your Account Isn't Verified!

In order to create a playlist on Sporcle, you need to verify the email address you used during registration. Go to your Sporcle Settings to finish the process.

Report this User

Report this user for behavior that violates our Community Guidelines.

Details: